Responses for Show #7146 - Monday, October 12, 2015

Matt Jackson game 12.

Contestants

[<< previous game]

Victor Quillen, a career counselor from Kingsport, Tennessee

Julia Novakovic, an archivist originally from Pittsburgh, Pennsylvania

Matt Jackson, a paralegal from Washington, D.C. (whose 11-day cash winnings total $339,411)

[next game >>]

Jeopardy! Round responses

WINTER IS COMING
A SONG OF "ICE" & "FIRE"
YOU KNOW NOTHING
THE NORTH REMEMBERS
ALWAYS PAY YOUR DEBTS
GAME OF THRONES
    $200 9
Alaska

Matt
    $200 27
[The end-of-round signal sounds.]

the iceberg

Julia
    $200 17
dragons

Matt
    $400 10
June

Victor
    $400 26
irons in the fire

Victor
    $400 25
a pound of flesh

Matt
    $400 24
(Victor: What was The Times of London?)

(Henry Morgan) Stanley

MattVictor
    $400 23
subprime

Matt
    $400 18
Jon Snow

Matt
    $600 11
a toddy

Victor
    $600 15
St. Elmo's fire

Triple Stumper
    $600 1
(Noah) Webster

Victor
    $600 22
(Alex: You are right, with less than a minute to go, now.)

the Northwest Territories

Matt
    $600 16
Little Dorrit

Matt
    $600 19
The Wire

Matt
    $800 12
hypothermia

Victor
    $800 8
suffice

Julia
    $800 2
escargot

Victor
    $800 6
Erik the Red

Victor
    $800 14
bankrupt

Victor
    $800 20
Joffrey

Matt
    $1000 13
the snowmobile

Triple Stumper
    $1000 7
the viceroy

Matt
    $1000 3
Volvo

Victor
    $1000 5
the Red Army

Matt
    $2,400 4
(Victor: Uh... What is the, uh...)

Truth in Lending

Victor
    $1000 21
Diana Rigg

Victor

Scores at the first commercial break (after clue 13):

Matt Julia Victor
$2,200 $800 $2,600

Scores at the end of the Jeopardy! Round:

Matt Julia Victor
$6,600 $1,000 $4,400

Double Jeopardy! Round responses

NOVELS OF WORLD WAR II
ADJECTIVES
THE RIVER'S TRIBUTARIES
DOCUMENTARY FILMS
THINK OF A NUMBER BETWEEN...
RELIGIOUSI-"T"
    $400 30
the Caine

Matt
    $400 1
cursive

Matt
    $400 24
the Ohio

Matt
    $400 29
Woodstock

Matt
    $400 28
12

Matt
    $400 27
tabernacle

Matt
    $800 10
The Book Thief

Julia
    $800 16
Bloody

Matt
    $800 23
the Columbia

Julia
    $800 25
the orca (or killer whale)

Julia
    $800 6
144

Matt
    $800 26
transcendental meditation

Victor
    $1200 9
Slaughterhouse-Five

Julia
    $1200 13
indigenous

Matt
    $1200 22
the Mekong

Julia
    $1200 21
Pumping Iron

Victor
    $1200 5
17

Julia
    $1200 2
Tantra

Matt
    $1600 11
Leon Uris

Triple Stumper
    $7,000 14
loquacious

Matt
    $10,000 15
the Danube

Matt
    $1600 20
Calcutta

Victor
    $1600 7
400

Matt
    $1600 3
the Trappists

Triple Stumper
    $2000 12
The Naked and the Dead

Matt
    $2000 17
an arrow

Matt
    $2000 18
the Indus

Victor
    $2000 19
West Memphis

Victor
    $2000 8
1950

Matt
    $2000 4
Te Deum laudámus

Matt

Scores at the end of the Double Jeopardy! Round:

Matt Julia Victor
$39,600 $7,000 $12,000
(lock game)

[wagering suggestions for these scores]

Final Jeopardy! Round responses

HISTORICAL ARTIFACTS
JuliaWhat is the Bayeaux Tapestry?
$3,002
VictorWhat is the Bayeaux Tapestry?
$2,001
MattWhat is the Bayeux Tapestry!
$11,400
the Bayeux Tapestry

Final scores:

Matt Julia Victor
$51,000 $10,002 $14,001
12-day champion: $390,411 3rd place: $1,000 2nd place: $2,000

Game dynamics:

Coryat scores:

Matt Julia Victor
$25,800 $7,000 $14,400
29 R
(including 2 DDs),
0 W
8 R,
0 W
15 R,
2 W
(including 1 DD)

Combined Coryat: $47,200

[game clues] [game scores] [suggest correction]

Game tape date: 2015-09-08
The J! Archive is created by fans, for fans. Scraping, republication, monetization, and malicious use prohibited; this site may use cookies and collect identifying information. See terms. The Jeopardy! game show and all elements thereof, including but not limited to copyright and trademark thereto, are the property of Jeopardy Productions, Inc. and are protected under law. This website is not affiliated with, sponsored by, or operated by Jeopardy Productions, Inc. Join the discussion at JBoard.tv.